[Event "World Rapid Women 2019"]
[Site "Moscow RUS"]
[Date "2019.12.27"]
[Round "8.49"]
[White "Antova, Gabriela"]
[Black "Sgircea, Silvia-Raluca"]
[Result "1/2-1/2"]
[WhiteTitle "FM"]
[BlackTitle "WIM"]
[WhiteElo "2314"]
[BlackElo "2271"]
[WhiteFideId "2915235"]
[BlackFideId "1213776"]
[EventDate "2019.12.26"]

1. e4 c5 2. Nf3 Nc6 3. d4 cxd4 4. Nxd4 g6 5. c4 Nf6 6. Nc3 d6 7. Be2 Bg7 8. Nc2
O-O 9. O-O Be6 10. Be3 Nd7 11. f3 Bxc3 12. bxc3 Qa5 13. Rb1 Nc5 14. Nb4 Rac8 15.
Qe1 Rfe8 16. Qh4 Ne5 17. Nd5 Bxd5 18. cxd5 Qxc3 19. Bf2 Ned3 20. Bxd3 Qxd3 21.
Rfd1 Qa6 22. Qh6 f6 23. Rd2 Nd3 24. Bd4 Rc1+ 25. Rxc1 Nxc1 26. Qe3 Rc8 27. a3 b6
28. h4 Qc4 29. Bb2 Nb3 30. Rf2 Nc5 31. Bd4 Nd7 32. Kh2 Qc1 33. Rd2 Ne5 34. Bxe5
dxe5 35. d6 exd6 36. Qb3+ Kg7 37. Rxd6 Qf4+ 38. Kh3 g5 39. hxg5 Qxg5 40. Rd7+
Kh6 41. Qf7 Qg6 42. Qxg6+ hxg6 43. Rxa7 Rc3 44. Kg4 Rc4 45. Kg3 Kg5 46. Rb7 Rc6
47. Rb8 Rd6 48. Rb7 f5 49. exf5 gxf5 50. Rg7+ Kf6 51. Rb7 Ke6 52. Kf2 Rc6 53. g4
fxg4 54. fxg4 Kf6 55. Kf3 Ke6 56. Ke3 Kd5 57. Rd7+ Ke6 58. Rb7 Rc3+ 59. Ke4 Rc4+
60. Ke3 Rxg4 61. Rxb6+ Kf5 62. Ra6 Rg3+ 63. Kf2 Rb3 64. a4 Ke4 65. a5 Rb2+ 66.
Kg3 Ra2 67. Ra8 Ke3 68. a6 e4 69. a7 Ra3 70. Kg2 Ra4 71. Kg3 Ra2 72. Kh3 Ra3 73.
Kg3 Ke2+ 74. Kf4 e3 75. Re8 Ra4+ 76. Re4 Rxa7 77. Rxe3+ 1/2-1/2

[Event "World Rapid Women 2019"]
[Site "Moscow RUS"]
[Date "2019.12.27"]
[Round "8.50"]
[White "Munkhzul, Turmunkh"]
[Black "Gevorgyan, Maria"]
[Result "1/2-1/2"]
[WhiteTitle "WIM"]
[BlackTitle "WGM"]
[WhiteElo "2278"]
[BlackElo "2255"]
[WhiteFideId "4901878"]
[BlackFideId "13300270"]
[EventDate "2019.12.26"]

1. e4 c5 2. Nf3 Nc6 3. d4 cxd4 4. Nxd4 g6 5. c4 Nf6 6. Nc3 Nxd4 7. Qxd4 d6 8.
Be2 Bg7 9. Be3 O-O 10. Qd2 a5 11. f3 a4 12. O-O Qa5 13. Rab1 Be6 14. Nd5 Qxd2
15. Nxe7+ Kh8 16. Bxd2 Rfe8 17. Nd5 Nxd5 18. cxd5 Bxd5 19. Bb5 Re5 20. Bc3 Bxa2
21. Bxe5 Bxe5 22. Ra1 Bb3 23. Rab1 Ra5 24. Bd3 Kg7 25. Kf2 b5 26. Ke3 Bxh2 27.
Rfc1 g5 28. Rc6 Bf4+ 29. Ke2 b4 30. Rb6 Ba2 31. Rxb4 Bxb1 32. Bxb1 h5 33. Ba2
Kg6 34. Rb7 f5 35. Bf7+ Kf6 36. Bxh5 fxe4 37. fxe4 Ke5 38. Be8 a3 39. bxa3 Rxa3
40. Bc6 g4 41. Rb5+ Kd4 42. Rd5+ Kc4 43. Rf5 Be5 44. Bd5+ Kd4 45. Rf1 Re3+ 46.
Kd2 Rg3 47. Rf2 Bg7 48. Ke2 Bh6 49. Kf1 Rc3 50. Ra2 Bf4 51. Ke2 Re3+ 52. Kf1 Bg3
53. Rd2+ Ke5 54. Re2 Rc3 55. Rb2 Kd4 56. Rd2+ Ke3 57. Rd1 Rc2 58. Rb1 Be5 59.
Rb3+ Bc3 60. Rb1 Rf2+ 61. Kg1 g3 62. Rf1 Rc2 63. Bb3 Rb2 64. Bd5 Bd4 65. Kh1 Rb8
66. Be6 Kxe4 67. Bf5+ Ke5 68. Rf3 Bf2 69. Bh7 Rc8 70. Rf5+ Ke6 71. Bg8+ Rxg8 72.
Rf6+ Ke5 73. Rf5+ Kd4 74. Rd5+ Ke3 75. Rd3+ Ke2 76. Re3+ Kd1 77. Rd3+ Kc2 78.
Rc3+ Kb1 79. Rb3+ Ka1 80. Ra3+ 1/2-1/2

[Event "World Rapid Women 2019"]
[Site "Moscow RUS"]
[Date "2019.12.27"]
[Round "8.51"]
[White "Semenova, Elena1"]
[Black "Bodnaruk, Anastasia"]
[Result "0-1"]
[WhiteTitle "WIM"]
[BlackTitle "IM"]
[WhiteElo "2290"]
[BlackElo "2413"]
[WhiteFideId "24125148"]
[BlackFideId "4181751"]
[EventDate "2019.12.26"]

1. e4 c5 2. Nf3 d6 3. d4 Nf6 4. dxc5 Qa5+ 5. c3 Qxc5 6. Be3 Qc7 7. Na3 Nc6 8.
Bd3 e5 9. Bg5 Be7 10. Nb5 Qb8 11. Bc2 a6 12. Bxf6 gxf6 13. Na3 Be6 14. Bb3 Rg8
15. Nc4 Qc7 16. Ne3 O-O-O 17. Qc2 Bf8 18. O-O Ne7 19. Rfd1 Qc6 20. Nd5 f5 21.
Nxe7+ Bxe7 22. Bd5 Bxd5 23. Rxd5 Rg4 24. c4 fxe4 25. h3 Rf4 26. Nd2 f5 27. g3
Rg8 28. Kf1 Rxg3 29. Ke2 Rg2 30. Rf1 Bh4 31. Kd1 e3 32. Nb3 Rgxf2 33. Rxf2 exf2
34. Nd2 f1=Q+ 35. Nxf1 Rxf1+ 36. Ke2 Rf2+ 0-1

[Event "World Rapid Women 2019"]
[Site "Moscow RUS"]
[Date "2019.12.27"]
[Round "8.52"]
[White "Komiagina, Maria"]
[Black "Sargsyan, Anna M."]
[Result "0-1"]
[WhiteTitle "WIM"]
[BlackTitle "WIM"]
[WhiteElo "2233"]
[BlackElo "2382"]
[WhiteFideId "4153987"]
[BlackFideId "13308130"]
[EventDate "2019.12.26"]

1. e4 c6 2. d4 d5 3. exd5 cxd5 4. Bd3 Nc6 5. c3 Nf6 6. Bf4 Bg4 7. Qb3 e5 8. dxe5
Nh5 9. Be3 Nxe5 10. Bb5+ Nc6 11. h3 Be6 12. Qd1 Nf6 13. Nf3 Bd6 14. O-O O-O 15.
Nbd2 Rc8 16. Nb3 Bb8 17. Nbd4 Qc7 18. Re1 Ne4 19. Ne2 g5 20. Ned4 g4 21. Nxe6
fxe6 22. hxg4 Rf7 23. Bxc6 bxc6 24. Bd4 Qf4 25. Re3 c5 26. Rxe4 dxe4 27. Be3
Qxg4 28. Ng5 Qxd1+ 29. Rxd1 Rb7 30. b3 c4 31. b4 Be5 32. Nxe4 Kf7 33. f4 Bb8 34.
Kf2 Kg6 35. Kf3 Rf7 36. g3 h6 37. Rd2 Rcf8 38. Bc5 Rg8 39. Bd6 e5 40. Bxb8 Rxb8
41. Nd6 Rf6 42. Nxc4 exf4 43. gxf4 h5 44. Ne3 Rc6 45. Nd5 Kf7 46. a3 Rd8 47. Rd3
h4 48. Ke4 Rc4+ 49. Ke5 Re8+ 50. Kd6 Re6+ 51. Kd7 Rh6 52. Rh3 Rcc6 53. Nc7 Rcg6
54. c4 Rg3 55. Rh1 h3 56. c5 h2 57. c6 Rg1 58. Rxh2 Rxh2 59. Nb5 a6 60. Nd6+ Kf6
61. c7 Rh7+ 62. Kc6 Rc1+ 63. Kb6 Ke6 64. c8=Q+ Rxc8 65. Nxc8 Kd7 66. Na7 Rh6+
67. Kb7 Rf6 68. a4 Rxf4 69. Nc6 Kd6 70. b5 axb5 71. axb5 Kc5 72. b6 Rf7+ 73. Ka6
Kxc6 0-1

[Event "World Rapid Women 2019"]
[Site "Moscow RUS"]
[Date "2019.12.27"]
[Round "8.53"]
[White "Potapova, Margarita"]
[Black "Muetsch, Annmarie"]
[Result "0-1"]
[WhiteTitle "WFM"]
[BlackTitle "WIM"]
[WhiteElo "2307"]
[BlackElo "2227"]
[WhiteFideId "14126869"]
[BlackFideId "12971367"]
[EventDate "2019.12.26"]

1. d4 Nf6 2. Nf3 g6 3. c4 Bg7 4. Nc3 O-O 5. e4 d6 6. h3 Na6 7. Be3 c5 8. d5 Bd7
9. Bd3 Nc7 10. O-O Rb8 11. Qe2 a6 12. a4 b6 13. Nd2 e6 14. Bg5 e5 15. f4 h6 16.
Bxf6 Qxf6 17. f5 g5 18. Nf3 Qd8 19. Nh2 f6 20. h4 Be8 21. Kf2 Kf7 22. Rh1 Rh8
23. Ng4 h5 24. hxg5 fxg5 25. Ne3 g4 26. Nxg4 hxg4 27. Qxg4 Qf6 28. Rxh8 Bxh8 29.
Rh1 Bg7 30. Rh7 Kg8 31. Rh3 b5 32. axb5 axb5 33. cxb5 Nxb5 34. Nxb5 Bxb5 35.
Bxb5 Rxb5 36. b3 Rb4 37. Kg1 Rd4 38. Rh5 Kf8 39. Rh3 Rb4 40. Kh2 Rb7 41. Rh5
Rxb3 42. Qd1 Rb8 43. Qc1 Rb4 44. Qe3 Qf7 45. Rh4 Bf6 46. Rh3 Qg7 47. Rg3 Qh7+
48. Rh3 Qf7 49. Qh6+ Qg7 50. Qe3 Qg5 51. Qxg5 Bxg5 52. Rh5 Bf6 53. Rh6 Kg7 54.
Rg6+ Kf7 55. g4 Rxe4 56. g5 Be7 57. Kg3 Rf4 58. Rh6 Rxf5 59. g6+ Kf6 60. Rh7
Rg5+ 61. Kf3 Rxg6 62. Ke3 Rg7 63. Rh6+ Kf5 64. Rh5+ Bg5+ 65. Ke2 e4 66. Rh1 Ra7
67. Rb1 Ra2+ 68. Kf1 e3 69. Rb8 e2+ 0-1

[Event "World Rapid Women 2019"]
[Site "Moscow RUS"]
[Date "2019.12.27"]
[Round "8.54"]
[White "Enkhtuul, Altan-Ulzii"]
[Black "Nosacheva, Mariya"]
[Result "1-0"]
[WhiteTitle "WGM"]
[BlackTitle "WFM"]
[WhiteElo "2200"]
[BlackElo "2243"]
[WhiteFideId "4901444"]
[BlackFideId "34111422"]
[EventDate "2019.12.26"]

1. Nf3 Nf6 2. d4 g6 3. Bf4 Bg7 4. e3 d6 5. c3 O-O 6. Be2 c5 7. Na3 Be6 8. O-O
Qb6 9. Ng5 Bd5 10. Qc2 h6 11. Nf3 Rc8 12. dxc5 Qxc5 13. h3 Nc6 14. Nd2 Qa5 15.
Nac4 Qd8 16. a4 b6 17. Qd1 a6 18. Na3 Na5 19. Bf3 Qc7 20. e4 Bb7 21. Re1 Nd7 22.
Rc1 Ne5 23. Be2 Qd7 24. b4 Nac6 25. Be3 Qd8 26. Ndc4 Nd7 27. Qd2 Kh7 28. Bf1
Nce5 29. Bd4 h5 30. a5 bxa5 31. Nxa5 Bc6 32. f4 Bh6 33. Be3 Nf6 34. fxe5 Nxe4
35. Qd4 Ng3 36. Nxc6 Rxc6 37. Bxh6 Nf5 38. Qd5 Qb6+ 39. Be3 Nxe3 40. Qxf7+ Kh8
41. Qf2 Nxf1 42. Qxb6 Rxb6 43. Kxf1 1-0

[Event "World Rapid Women 2019"]
[Site "Moscow RUS"]
[Date "2019.12.27"]
[Round "8.55"]
[White "Gvanceladze, Anna"]
[Black "Fominykh, Maria"]
[Result "1/2-1/2"]
[WhiteTitle "WFM"]
[BlackTitle "WGM"]
[WhiteElo "2270"]
[BlackElo "2206"]
[WhiteFideId "4113721"]
[BlackFideId "4142411"]
[EventDate "2019.12.26"]

1. Nf3 Nf6 2. c4 g6 3. g3 Bg7 4. Bg2 O-O 5. O-O d6 6. Nc3 Nc6 7. d3 e5 8. Rb1
Re8 9. e4 a6 10. b4 Bg4 11. h3 Bxf3 12. Qxf3 Nd4 13. Qd1 b5 14. Be3 bxc4 15.
dxc4 c5 16. bxc5 dxc5 17. Nd5 Qa5 18. Rb2 Rab8 19. Rxb8 Rxb8 20. Ne7+ Kf8 21.
Bxd4 Kxe7 22. Bxe5 Rd8 23. Qa1 Rd3 24. Rb1 Qd8 25. Rb7+ Ke6 26. Qb2 Rd1+ 27. Kh2
Ng4+ 28. hxg4 Bxe5 29. Rb6+ Rd6 30. Rxd6+ Qxd6 31. Qc1 f6 32. f4 Bd4 33. f5+ Kd7
34. Qh6 g5 35. Qxh7+ Qe7 36. Qg8 Qe5 37. Qf7+ Kd8 38. Qb7 Qd6 39. e5 Bxe5 40.
Qf3 Ke7 41. Qb7+ Kd8 42. Bd5 Bxg3+ 43. Kg2 Be1 44. Qa8+ Kc7 45. Qb7+ Kd8 46.
Qa8+ Kc7 47. Qb7+ 1/2-1/2

[Event "World Rapid Women 2019"]
[Site "Moscow RUS"]
[Date "2019.12.27"]
[Round "8.56"]
[White "Barchuk, Irina"]
[Black "Diakonova, Ekaterina"]
[Result "0-1"]
[WhiteElo "2121"]
[BlackElo "2218"]
[WhiteFideId "14119005"]
[BlackFideId "24172936"]
[EventDate "2019.12.26"]

1. e4 c6 2. d4 d5 3. e5 Bf5 4. Nf3 e6 5. Be2 Bb4+ 6. c3 Ba5 7. O-O h6 8. b4 Bc7
9. a4 a5 10. b5 Ne7 11. Na3 O-O 12. Bd3 Nd7 13. Re1 f6 14. Bxf5 Nxf5 15. Bf4 g5
16. g4 Ne7 17. Bg3 f5 18. h4 fxg4 19. Nh2 h5 20. Nxg4 hxg4 21. Qxg4 Nf5 22. hxg5
Kg7 23. Kg2 Qe7 24. bxc6 bxc6 25. Nc2 Qf7 26. Bf4 Ne7 27. Be3 Qf5 28. Qe2 Ng6
29. Rh1 Qe4+ 30. Kg3 Ndxe5 31. Rh5 Nf3+ 32. Kh3 Qf5+ 33. Kg2 Qg4+ 34. Kf1 Qxh5
35. Qd3 Nxg5 36. Ke1 Ne4 37. c4 Bf4 0-1

[Event "World Rapid Women 2019"]
[Site "Moscow RUS"]
[Date "2019.12.27"]
[Round "8.57"]
[White "Bogumil, Tatiana"]
[Black "Zhuravleva, Olga"]
[Result "0-1"]
[WhiteTitle "WGM"]
[BlackTitle "WIM"]
[WhiteElo "2182"]
[BlackElo "2278"]
[WhiteFideId "4110579"]
[BlackFideId "4145933"]
[EventDate "2019.12.26"]

1. Nf3 Nf6 2. c4 e6 3. b3 Be7 4. Bb2 c5 5. g3 b6 6. Bg2 Bb7 7. O-O O-O 8. d4
cxd4 9. Qxd4 d6 10. Nc3 a6 11. Rfd1 Qc7 12. e4 Nbd7 13. Qe3 Rfe8 14. h3 Rac8 15.
g4 Nc5 16. Nd4 h6 17. Rac1 Qb8 18. Nde2 Qa8 19. Ng3 Bf8 20. Kh2 Bc6 21. b4 Ncd7
22. f4 b5 23. Nce2 bxc4 24. Nd4 Bb7 25. g5 hxg5 26. fxg5 Nh7 27. Nf3 Qb8 28. Qc3
Nb6 29. Qd4 Qc7 30. a3 e5 31. Qf2 d5 32. exd5 Bxd5 33. h4 Bd6 34. Rxd5 Nxd5 35.
Ne4 Nf8 36. Nfd2 Nb6 37. Nxd6 Qxd6 38. Ne4 Qg6 39. Re1 Nd5 40. Bc1 Ne6 41. Nd6
Ndf4 42. Be4 Qh5 43. Nxe8 Rxe8 44. Bf3 Qg6 45. Rxe5 Nd3 46. Qe3 Nxe5 47. Be4
Ng4+ 0-1

[Event "World Rapid Women 2019"]
[Site "Moscow RUS"]
[Date "2019.12.27"]
[Round "8.58"]
[White "Heinemann, Josefine"]
[Black "Ovezdurdiyeva, Jemal"]
[Result "0-1"]
[WhiteTitle "WGM"]
[BlackTitle "WFM"]
[WhiteElo "2318"]
[BlackElo "2061"]
[WhiteFideId "12900460"]
[BlackFideId "14001888"]
[EventDate "2019.12.26"]

1. e4 c5 2. Nf3 d6 3. d4 cxd4 4. Nxd4 Nf6 5. Nc3 a6 6. f3 e5 7. Nb3 Be6 8. Be3
h5 9. Qd2 Nbd7 10. Nd5 Bxd5 11. exd5 Rc8 12. Na5 Qc7 13. c4 Be7 14. Be2 e4 15.
f4 Ng4 16. Bxg4 hxg4 17. f5 Bh4+ 18. Bf2 Bxf2+ 19. Kxf2 Ne5 20. b4 Qd7 21. Rhe1
Rxh2 22. Kg3 Rh5 23. Rxe4 Qe7 24. Qe2 Qh4+ 25. Kf4 Rxf5+ 26. Ke3 Qg3+ 27. Kd4
Rf2 28. Qe3 Qxg2 29. c5 Rf3 30. Qe2 Rf2 31. Qe3 Kf8 32. Rxe5 dxe5+ 33. Qxe5 Rf3
34. Qe1 Qb2+ 35. Kc4 Qc2+ 36. Kd4 Qd3+ 37. Ke5 Rf5+ 38. Kd6 Qxd5# 0-1

[Event "World Rapid Women 2019"]
[Site "Moscow RUS"]
[Date "2019.12.27"]
[Round "8.59"]
[White "Gansvind, Valeriya I."]
[Black "Nilssen, Ellen Fredericia"]
[Result "1-0"]
[WhiteTitle "WFM"]
[BlackTitle "WFM"]
[WhiteElo "2081"]
[BlackElo "2000"]
[WhiteFideId "4109821"]
[BlackFideId "1441230"]
[EventDate "2019.12.26"]

1. d4 Nf6 2. Bg5 d5 3. Bxf6 gxf6 4. e3 Bf5 5. Bd3 Bg6 6. h4 e5 7. h5 Bxd3 8.
Qxd3 Nc6 9. c3 Qd7 10. Ne2 O-O-O 11. Nd2 Qg4 12. Ng3 Kb8 13. Qf5 Qg7 14. O-O-O
Bd6 15. Ndf1 Ne7 16. Qh3 Rhg8 17. Rg1 Qg4 18. Qxg4 Rxg4 19. Ne2 Rg5 20. Nfg3
Rdg8 21. e4 dxe4 22. Nxe4 Rxg2 23. Nxf6 Rxg1 24. Nxg1 Rg5 25. dxe5 Rxe5 26. Nd7+
Kc8 27. Nxe5 Bxe5 28. Kc2 c6 29. Nf3 Bf4 30. Rg1 Nd5 31. Rg7 h6 32. Rxf7 Bd6 33.
Rh7 Bf4 34. Nd4 Nf6 35. Rh8+ Kd7 36. Ne2 Bg5 37. f4 Bh4 38. Rxh6 Ng4 39. Rh7+
Kc8 40. Nd4 c5 41. Ne6 Ne3+ 42. Kd3 Nf5 43. Nxc5 Bg3 44. Rh8+ Kc7 45. h6 b6 46.
Ne6+ Kd6 47. h7 Kxe6 48. Re8+ Kf7 49. h8=Q 1-0

[Event "World Rapid Women 2019"]
[Site "Moscow RUS"]
[Date "2019.12.27"]
[Round "8.60"]
[White "Bulatova, Kamaliya"]
[Black "Antonova, Nadezhda"]
[Result "0-1"]
[WhiteTitle "WFM"]
[BlackTitle "WFM"]
[WhiteElo "2143"]
[BlackElo "1913"]
[WhiteFideId "34111546"]
[BlackFideId "14700182"]
[EventDate "2019.12.26"]

1. d4 Nf6 2. Bf4 g6 3. Nc3 d5 4. e3 Bg7 5. h4 h6 6. Be2 O-O 7. g4 Ne4 8. Nxe4
dxe4 9. c3 c5 10. Qd2 Nc6 11. dxc5 Qxd2+ 12. Kxd2 e5 13. Bg3 a5 14. g5 Be6 15.
gxh6 Bxh6 16. h5 g5 17. f3 Rfd8+ 18. Ke1 f5 19. fxe4 f4 20. Bf2 g4 21. Bh4 Rf8
22. Bb5 f3 23. Kf2 Rf7 24. Rd1 Rd7 25. Rxd7 Bxd7 26. Bf6 Re8 27. Bc4+ Kh7 28.
Bd5 Rf8 29. Bh4 Rc8 30. Bg3 Bf8 31. Bxc6 Bxc6 32. Bxe5 Bxc5 33. Kg3 Bxe3 34.
Kxg4 f2 35. Nh3 Bxe4 36. Rd1 Rg8+ 37. Kh4 Rg1 38. Nxg1 fxg1=Q 39. Rxg1 Bxg1 40.
Bc7 a4 41. b3 axb3 42. axb3 Bc2 43. b4 b5 44. Be5 Be3 45. Kg4 Bd3 46. Kf3 Bd2
47. Bd4 Kh6 48. Kg4 Be2+ 49. Kf5 Kxh5 50. Ke5 Kg4 51. Ke4 Bc4 52. Be5 Kg5 53.
Bd4 Kg4 54. Be5 Kh3 55. Kf3 Bd3 56. Bf6 Kh2 57. Bd4 Kh1 58. Kf2 Kh2 59. Kf3 Bc4
60. Kf2 Kh3 61. Kf3 Kh4 62. Ke4 Kg5 63. Be5 Kg6 64. Bd4 Kf7 65. Ke5 Be1 66. Kf5
Ke7 67. Be5 Bd3+ 68. Kf4 Ke6 69. Ke3 Kxe5 70. Kxd3 Kd5 0-1

[Event "World Rapid Women 2019"]
[Site "Moscow RUS"]
[Date "2019.12.28"]
[Round "9.1"]
[White "Bulmaga, Irina"]
[Black "Muzychuk, Mariya"]
[Result "1-0"]
[WhiteTitle "IM"]
[BlackTitle "GM"]
[WhiteElo "2434"]
[BlackElo "2559"]
[WhiteFideId "13903063"]
[BlackFideId "14114550"]
[EventDate "2019.12.26"]

1. e4 c5 2. Nf3 e6 3. d4 cxd4 4. Nxd4 Nf6 5. Nc3 Nc6 6. a3 Be7 7. Be3 O-O 8. Be2
b6 9. Qd2 Bb7 10. O-O-O Nxd4 11. Qxd4 Bc5 12. Qd3 Qe7 13. Bg5 e5 14. f3 Rfd8 15.
Nd5 Bxd5 16. exd5 Re8 17. Qf5 e4 18. Bxf6 Qxf6 19. Qxf6 gxf6 20. fxe4 Rxe4 21.
Bf3 Re5 22. Rhe1 Rae8 23. Kd2 Be3+ 24. Kd3 Bd4 25. Rxe5 Bxe5 26. Re1 Rd8 27. c3
Bxh2 28. Rh1 Bf4 29. Rh4 Bc1 30. Ra4 a5 31. b4 axb4 32. axb4 Re8 33. Ra7 d6 34.
Rc7 Bf4 35. Kc4 Re3 36. Kb5 Be5 37. Kxb6 Bxc3 38. b5 Bd4+ 39. Kc6 Rc3+ 40. Kd7
Rb3 41. Rb7 Bc5 42. Kc6 Kg7 43. b6 Kg6 44. Rb8 Ra3 45. Rg8+ Kf5 46. b7 Ra6+ 47.
Kc7 Ba7 48. b8=Q Bxb8+ 49. Rxb8 Kf4 50. Rh8 1-0

[Event "World Rapid Women 2019"]
[Site "Moscow RUS"]
[Date "2019.12.28"]
[Round "9.2"]
[White "Lei, Tingjie"]
[Black "Tan, Zhongyi"]
[Result "1-0"]
[WhiteTitle "GM"]
[BlackTitle "GM"]
[WhiteElo "2483"]
[BlackElo "2502"]
[WhiteFideId "8605114"]
[BlackFideId "8603642"]
[EventDate "2019.12.26"]

1. e4 d6 2. d4 Nf6 3. Nc3 g6 4. f4 Bg7 5. Bd3 O-O 6. Nf3 c5 7. dxc5 dxc5 8. O-O
Nc6 9. Kh1 Nb4 10. e5 Ng4 11. Be4 Qxd1 12. Nxd1 f5 13. Bd3 Nxd3 14. cxd3 Rd8 15.
h3 Nh6 16. Nf2 b6 17. Be3 Bb7 18. Nd2 Nf7 19. Nc4 Rd5 20. Kh2 Nd8 21. a4 Ba6 22.
Rfc1 Ne6 23. h4 h6 24. Rab1 Rad8 25. b3 Kf7 26. a5 b5 27. Nd2 g5 28. g3 b4 29.
Nc4 gxh4 30. gxh4 h5 31. Nb2 Bh6 32. Na4 Bxd3 33. Rb2 Bb5 34. Nh3 Rd3 35. Bxc5
Rxh3+ 36. Kxh3 Rd3+ 37. Kg2 Nxf4+ 38. Kh2 Rh3+ 39. Kg1 Nd3 40. e6+ Kf8 41. Rf1
Nxb2 42. Rxf5+ Kg8 43. Nxb2 Rxb3 44. Bd4 Be2 45. Rd5 Bc1 46. Na4 Rd3 47. Kf2 Bg4
48. Rd8+ Kh7 49. Rh8+ Kg6 50. Rg8+ Kf5 51. Rf8+ Ke4 52. Bxa7 Rd2+ 53. Kg3 b3 54.
Nc5+ Kd5 55. Na4 b2 56. Rb8 Rd3+ 57. Kf2 Ra3 58. Nxb2 Ra2 59. Rb5+ Kc6 60. Rb6+
Kd5 61. Rb5+ Kc6 62. Rb6+ Kd5 63. Rb5+ Kxe6 64. Bd4 Kd7 65. Rd5+ Ke8 66. Rb5 Bd2
67. Nc4 Bxa5+ 68. Ke3 Bc7 69. Be5 Re2+ 70. Kd4 Bxe5+ 71. Nxe5 Rd2+ 72. Ke4 Bd1
73. Rb8+ Rd8 74. Rb7 Ra8 75. Kf5 Bc2+ 76. Kg5 Bd1 77. Ng6 Ra5+ 78. Kh6 Ra6 79.
Kg7 e6 80. Ne5 Kd8 81. Kf6 Kc8 82. Rb1 Be2 83. Rb2 Bd3 84. Nxd3 Kd7 85. Ne5+ Kd6
86. Rd2+ Kc5 87. Kg5 Ra5 88. Kxh5 Kb4 89. Re2 Kc3 90. Kg6 Ra1 91. Ng4 Rg1 92.
Kg5 Kd4 93. Rxe6 Kd5 94. Re8 Kd6 95. h5 1-0

[Event "World Rapid Women 2019"]
[Site "Moscow RUS"]
[Date "2019.12.28"]
[Round "9.3"]
[White "Muzychuk, Anna"]
[Black "Harika, Dronavalli"]
[Result "1/2-1/2"]
[WhiteTitle "GM"]
[BlackTitle "GM"]
[WhiteElo "2537"]
[BlackElo "2518"]
[WhiteFideId "14111330"]
[BlackFideId "5015197"]
[EventDate "2019.12.26"]

1. e4 c5 2. Nf3 Nc6 3. Nc3 d6 4. d4 cxd4 5. Nxd4 e5 6. Nf5 Bxf5 7. exf5 Qd7 8.
Nd5 Nge7 9. f6 Nxd5 10. fxg7 Bxg7 11. Qxd5 Qe6 12. Qxe6+ fxe6 13. c3 h5 14. Bd3
Bh6 15. O-O Bxc1 16. Raxc1 Ke7 17. f4 Raf8 18. fxe5 Nxe5 19. Be2 h4 20. Rxf8
Rxf8 21. Rf1 Rxf1+ 22. Kxf1 Kf6 23. Kf2 Kg5 24. Ke3 b6 25. c4 a5 26. b3 Kf5 27.
a3 Nd7 28. b4 axb4 29. axb4 Ke5 30. Bf3 d5 31. cxd5 exd5 32. g3 hxg3 33. hxg3
Nb8 34. Kd3 Nc6 35. Kc3 Nd4 36. Bd1 Ke4 37. g4 Ne6 38. Bc2+ Ke3 39. Bf5 Ng5 40.
Bg6 Nf3 41. Bf5 Nd4 42. Bd3 Nc6 43. Bf5 Nd4 44. Bd3 Nf3 45. Bf5 Ng5 46. Bg6 Nf3
47. Bf5 Nd4 48. Bd3 Nc6 49. Bf5 Ne7 50. Bc2 b5 51. Bd3 d4+ 52. Kc2 Nd5 53. Bxb5
Nxb4+ 54. Kb3 Nd5 55. g5 Nf4 56. Kc2 Ke4 57. g6 Nxg6 1/2-1/2

[Event "World Rapid Women 2019"]
[Site "Moscow RUS"]
[Date "2019.12.28"]
[Round "9.4"]
[White "Lagno, Kateryna"]
[Black "Girya, Olga"]
[Result "0-1"]
[WhiteTitle "GM"]
[BlackTitle "WGM"]
[WhiteElo "2547"]
[BlackElo "2488"]
[WhiteFideId "14109336"]
[BlackFideId "4195752"]
[EventDate "2019.12.26"]

1. e4 c6 2. d4 d5 3. Nd2 dxe4 4. Nxe4 Bf5 5. Ng3 Bg6 6. h4 h6 7. Nf3 Nd7 8. Bd3
Bxd3 9. Qxd3 e6 10. Bf4 Qa5+ 11. Bd2 Qc7 12. O-O-O Ngf6 13. Ne4 Rd8 14. Kb1 Be7
15. Rhg1 Nxe4 16. Qxe4 Nf6 17. Qe2 Ng4 18. c4 O-O 19. g3 Qb6 20. Bc3 Bb4 21.
Bxb4 Qxb4 22. Rd2 Rfe8 23. Ne1 h5 24. Nc2 Qa5 25. f3 Nf6 26. f4 Qf5 27. Rgd1 b5
28. cxb5 cxb5 29. Qd3 Qxd3 30. Rxd3 Ne4 31. Re1 f5 32. Rb3 Nd2+ 33. Kc1 Nxb3+
34. axb3 Rd6 35. Re5 Rd5 36. Re3 Rc8 37. Kd2 Kf7 38. Kd3 a5 39. Re1 a4 40. Ne3
Rd6 41. bxa4 bxa4 42. Nc4 Ra6 43. Ra1 Rb8 44. Kc2 Kf6 45. Ra3 Ra7 46. Ne5 Rc7+
47. Rc3 Rxc3+ 48. bxc3 Rb7 49. Nc6 Rc7 50. Nb4 Ke7 51. Kd3 Rb7 52. Kc4 Kd6 53.
Kd3 Ra7 54. Kc2 Rb7 55. Kb2 Rc7 56. Na6 a3+ 57. Kb3 a2 0-1

[Event "World Rapid Women 2019"]
[Site "Moscow RUS"]
[Date "2019.12.28"]
[Round "9.5"]
[White "Atalik, Ekaterina"]
[Black "Koneru, Humpy"]
[Result "1/2-1/2"]
[WhiteTitle "IM"]
[BlackTitle "GM"]
[WhiteElo "2462"]
[BlackElo "2574"]
[WhiteFideId "4130189"]
[BlackFideId "5008123"]
[EventDate "2019.12.26"]

1. g3 Nf6 2. Bg2 d5 3. Nf3 c5 4. O-O e6 5. d4 cxd4 6. Nxd4 e5 7. Nb3 Be6 8. Nc3
Be7 9. Bg5 Nbd7 10. e4 dxe4 11. Nxe4 Nxe4 12. Bxe7 Qxe7 13. Bxe4 O-O-O 14. Qe2
f5 15. Bg2 e4 16. Qe3 Kb8 17. f3 Nf6 18. fxe4 fxe4 19. Rfe1 Bd5 20. h3 Qc7 21.
Nd4 a6 22. b3 Rhe8 23. c4 Bf7 24. Rad1 Bg6 25. Rd2 Nd7 26. Ne2 Nc5 27. Rxd8+
Rxd8 28. Nf4 Bf7 29. Rf1 Re8 30. h4 h6 31. Rd1 Qe5 32. Qd4 g5 33. Qxe5+ Rxe5 34.
hxg5 hxg5 35. Rd8+ Kc7 36. Rf8 Re7 37. Ne2 e3 38. Bf3 Nd3 39. Nc3 Ne5 40. Be2
Ng6 41. Ra8 Rd7 42. Kf1 Rd2 43. Nd1 Rxa2 44. Nxe3 Rb2 45. Bd1 Be6 46. Bc2 Ne7
47. Re8 Kd7 1/2-1/2

[Event "World Rapid Women 2019"]
[Site "Moscow RUS"]
[Date "2019.12.28"]
[Round "9.6"]
[White "Pogonina, Natalija"]
[Black "Danielian, Elina"]
[Result "1/2-1/2"]
[WhiteTitle "WGM"]
[BlackTitle "GM"]
[WhiteElo "2479"]
[BlackElo "2399"]
[WhiteFideId "4147855"]
[BlackFideId "13300210"]
[EventDate "2019.12.26"]

1. d4 d6 2. Nf3 Bg4 3. e4 Nf6 4. Nc3 c6 5. h3 Bh5 6. Be2 e6 7. Bg5 Be7 8. O-O d5
9. e5 Nfd7 10. Bxe7 Qxe7 11. Ne1 Bxe2 12. Nxe2 c5 13. c3 Nc6 14. Nf4 cxd4 15.
cxd4 O-O 16. Nf3 h6 17. Re1 Rac8 18. Rc1 Rc7 19. Re3 Rfc8 20. Rec3 Nb6 21. Nd3
Nc4 22. Qe2 Nb8 23. Nc5 b6 24. Nd3 Na5 25. Qe1 Na6 26. R1c2 Rxc3 27. Rxc3 Rc4
28. b3 Rxc3 29. Qxc3 Qc7 30. Qxc7 Nxc7 31. Nb4 Kf8 32. Kf1 Nb5 33. Ke2 Nc3+ 34.
Kd2 Ne4+ 35. Ke3 Nc3 36. Nd2 Nd1+ 37. Ke2 Nc3+ 38. Kd3 Nb5 39. f4 Ke7 40. f5 Nc7
41. g4 Kd7 42. Nf1 Nc6 43. Nxc6 Kxc6 44. Ne3 Kd7 45. Ng2 Ke7 46. Nf4 Nb5 47. h4
Nc7 48. a4 Na6 49. g5 hxg5 50. hxg5 Nb4+ 51. Kc3 Nc6 52. f6+ gxf6 53. gxf6+ Kd7
54. Nd3 Na5 55. Nf4 1/2-1/2